000 01119cam a22003014a 4500
001 32146
005 20230410142347.0
008 050228s2005 nyu 001 0 eng
035 _a13884735
925 0 _aacquire
_b2 shelf copies
_xpolicy default
942 _2lcc
_cbk
010 _a2005041397
020 _a0385514492 (alk. paper)
040 _aDLC
_cDLC
_dDLC
042 _apcc
050 1 4 _aBX 819.3
_bA427o 2005
082 0 0 _a267/.182
_222
100 1 _aAllen, John L.,
_d1965-
245 1 0 _aOpus Dei :
_ban objective look behind the myths and reality of the most controversial force in the Catholic Church /
_cJohn L. Allen, Jr.
250 _a1st ed.
260 _aNew York :
_bDoubleday :
_c2005.
300 _a403 p. ;
_c25 cm.
500 _aIncludes index.
610 2 0 _aOpus Dei (Society)
856 4 2 _3Contributor biographical information
_uhttp://www.loc.gov/catdir/enhancements/fy0623/2005041397-b.html
856 4 2 _3Publisher description
_uhttp://www.loc.gov/catdir/enhancements/fy0623/2005041397-d.html
856 4 1 _3Sample text
_uhttp://www.loc.gov/catdir/enhancements/fy0623/2005041397-s.html
999 _c94247
_d94247